ARRUPE JESUIT UNIVERSITY

CORONAVIRUS -STOP THE SPREAD - CLEAN,DISINFECT,COVER

The fullness of life (Record no. 58604)

MARC details
000 -LEADER
fixed length control field 00749cam a2200253 4500
001 - CONTROL NUMBER
control field 3150693
003 - CONTROL NUMBER IDENTIFIER
control field ARRUPE
005 - DATE AND TIME OF LATEST TRANSACTION
control field 20170731105208.0
008 - FIXED-LENGTH DATA ELEMENTS--GENERAL INFORMATION
fixed length control field 740614s1974 nyu 000 0 eng
010 ## - LIBRARY OF CONGRESS CONTROL NUMBER
LC control number 74011176
020 ## - INTERNATIONAL STANDARD BOOK NUMBER
International Standard Book Number 0818013184
-- 0818013206 (pbk.)
040 ## - CATALOGING SOURCE
Original cataloging agency DLC
Transcribing agency DLC
Modifying agency DLC
050 00 - LIBRARY OF CONGRESS CALL NUMBER
Classification number B821
Item number .K84
082 00 - DEWEY DECIMAL CLASSIFICATION NUMBER
Classification number 191
300 ## - PHYSICAL DESCRIPTION
Dimensions 25 cm.
100 1# - MAIN ENTRY--PERSONAL NAME
Personal name Kurtz, Paul,
Dates associated with a name 1925-2012.
9 (RLIN) 33942
245 14 - TITLE STATEMENT
Title The fullness of life
Statement of responsibility, etc [by] Paul Kurtz.
260 ## - PUBLICATION, DISTRIBUTION, ETC. (IMPRINT)
Place of publication, distribution, etc New York,
Name of publisher, distributor, etc Horizon Press
Date of publication, distribution, etc [1974]
300 ## - PHYSICAL DESCRIPTION
Extent 216 p.
350 ## - PRICE (NR) (BK AM CF MU VM SE) [OBSOLETE]
Price $10.00
650 #0 - SUBJECT ADDED ENTRY--TOPICAL TERM
Topical term or geographic name as entry element Humanism
General subdivision History
Chronological subdivision 20th century.
9 (RLIN) 24187
650 #0 - SUBJECT ADDED ENTRY--TOPICAL TERM
Topical term or geographic name as entry element Humanistic ethics.
9 (RLIN) 33943
650 #0 - SUBJECT ADDED ENTRY--TOPICAL TERM
Topical term or geographic name as entry element World politics
Chronological subdivision 1945-1989.
9 (RLIN) 5070
906 ## - LOCAL DATA ELEMENT F, LDF (RLIN)
a 7
b cbc
c orignew
d 1
e ocip
f 19
g y-gencatlg
942 ## - ADDED ENTRY ELEMENTS (KOHA)
Source of classification or shelving scheme Library of Congress Classification
Koha item type Monograph ( Printed materials)
Holdings
Withdrawn status Lost status Source of classification or shelving scheme Damaged status Not for loan Collection code Home library Current library Shelving location Date acquired Total Checkouts Full call number Barcode Date last seen Date checked out Copy number Price effective from Koha item type
    Library of Congress Classification     Main Collection ARRUPE LIBRARY ARRUPE LIBRARY   05/03/2013 1 B821.K84 46003076085 02/05/2014 10/01/2014 1 05/03/2013 Monograph ( Printed materials)

 

Arrupe Library. PO Box MP320 Mt Pleasant, Harare, Zimbabwe
263 242 745411|librarian@aju.ac.zw